Asian/Middle Eastern Countries by Number of Cities With 100k People - Statistics

General Stats
  • This quiz has been taken 3 times
  • The average score is 20 of 48
Answer Stats
Hint Explanation Answer % Correct
Qatar 1 1 to 5
100%
Mongolia 1 1 to 5
100%
Kuwait 2 1 to 5
100%
Laos 2 1 to 5
100%
Kyrgyzstan 3 1 to 5
100%
Bahrain 5 1 to 5
100%
Timor-Leste 1 1 to 5
100%
Tajikistan 4 1 to 5
100%
Vietnam 76 51 to 100
100%
Maldives 1 1 to 5
67%
Bhutan 1 1 to 5
67%
Singapore 1 1 to 5
67%
Armenia 2 1 to 5
67%
Turkmenistan 5 1 to 5
67%
India 300 201+
67%
Bangladesh 47 26 to 50
67%
Türkiye 67 51 to 100
67%
Indonesia 94 51 to 100
67%
United Arab Emirates 7 6 to 10
67%
Philippines 123 101 to 200
33%
Pakistan 124 101 to 200
33%
Israel 18 11 to 25
33%
Myanmar 18 11 to 25
33%
Malaysia 22 11 to 25
33%
Kazakhstan 21 11 to 25
33%
Taiwan 18 11 to 25
33%
Azerbaijan 5 1 to 5
33%
North Korea 27 26 to 50
33%
South Korea 75 51 to 100
33%
Iran 98 51 to 100
33%
Nepal 7 6 to 10
33%
Lebanon 8 6 to 10
33%
China 182 101 to 200
0%
Jordan 11 11 to 25
0%
Syria 11 11 to 25
0%
Oman 11 11 to 25
0%
Afghanistan 14 11 to 25
0%
Thailand 12 11 to 25
0%
Uzbekistan 19 11 to 25
0%
Cambodia 3 1 to 5
0%
Japan 288 201+
0%
Saudi Arabia 28 26 to 50
0%
Iraq 36 26 to 50
0%
Georgia 8 6 to 10
0%
Palestine 8 6 to 10
0%
Sri Lanka 7 6 to 10
0%
Yemen 8 6 to 10
0%
Brunei - None
0%
No matching quizzes found
Score Distribution
Percent of People with Each Score
Percentile by Number Answered
Your Score History
You have not taken this quiz